000 00633cam a2200193 4500
001 45464
090 _a45464
100 _a19910324d1946 m y0pory5003 ba
101 1 _apor
102 _aPT
200 1 _aA Arte e a sociedade
_fHerbert Read
_gtrad. e pref. Alberto Candeias
210 9 _aLisboa
_cedições Cosmos,
_d1946
215 _a214, [1] p., [20] f. est.
_cil.
_d19 cm
225 2 _aBiblioteca Cosmos
_v112-113
_h2.ª parte
_iArtes ce Letras. Pintura, Escultura e Arquitectura
675 _a7.01
_vBN
_zpor
700 1 _aRead,
_bHerbert Edward,
_f1893-1968
702 1 _aCandeias,
_bAlberto,
_f1891-1972
_4730
801 0 _aPT
_bBN
_gRPC
990 _cLIVROS